Österreich - Statistiken

Allgemein
  • Dieses Quiz wurde 190 mal gespielt
  • Das Durchschnittsergebnis liegt bei 9 aus 10
Antwortstatistiken
Frage Antwort % Korrekt
Welches ist Österreichs Flagge?
100%
Wie viele Bundesländer hat Österreich? 9
100%
Was ist das Nationale Tier Österreichs? Der Adler
100%
Was läuft direkt durch Österreich? Die Alpen
100%
Was ist Österreichs Hauptstadt? Wien
100%
Wie viele Einwohner hat das Land? (Gerundet) 9 Mio.
89%
Welche Sprache spricht man in Österreich Deutsch
89%
Richtig oder Falsch? In Österreich gibt es keine Stadtkinder nur Landkinder. Nein. Natürlich gibt es dort großstädte und stadtkinder.
89%
Richtig oder Falsch? Alle Menschen in Österreich können Jodeln. Falsch
83%
Seit wann ist Österreich Mitglied in der EU 1995
78%
Keine übereinstimmenden Quizze gefunden
Verteilung der Resultate
Anzahl Personen mit jedem Resultat
Perzentil nach korrekt beantworteten Fragen
Ihre Resultats-Entwicklung
Sie haben dieses Quiz noch nicht gespielt